[Event "DEM U18 2021"]
[Site "Willingen GER"]
[Date "2021.08.28"]
[Round "8"]
[White "Bethke, Robert"]
[Black "Mankel, Luca"]
[Result "1/2-1/2"]
[Termination "normal"]
[Board "11"]
[WhiteElo "2100"]
[BlackElo "1916"]
[WhiteClock "00:25:27"]
[BlackClock "00:35:34"]
[PlyCount "59"]
[WhiteFideId "12959251"]
[BlackFideId "16253876"]
[EventCountry "GER"]
[EventRounds "9"]
[EventType "swiss"]
[EventDate "2021.08.22"]

1. c4 {[%clk 1:30:59]} b6 {[%clk 1:30:57]} 2. d4 {[%clk 1:31:08]} Bb7 {[%clk
1:31:23]} 3. Nf3 {[%clk 1:31:27]} e6 {[%clk 1:31:39]} 4. Nc3 {[%clk 1:31:53]}
Nf6 {[%clk 1:32:06]} 5. Bg5 {[%clk 1:32:05]} h6 {[%clk 1:29:05]} 6. Bh4 {[%clk
1:32:13]} Bb4 {[%clk 1:29:31]} 7. Qb3 {[%clk 1:32:14]} Bxc3+ {[%clk 1:27:28]}
8. Qxc3 {[%clk 1:31:14]} g5 {[%clk 1:27:49]} 9. Bg3 {[%clk 1:31:38]} Ne4 {[%clk
1:28:15]} 10. Qc2 {[%clk 1:31:38]} f5 {[%clk 1:26:40]} 11. Be5 {[%clk 1:28:18]}
Rg8 {[%clk 1:26:40]} 12. d5 {[%clk 1:27:56]} d6 {[%clk 1:26:38]} 13. Bc3 {[%clk
1:27:18]} exd5 {[%clk 1:26:35]} 14. Nd4 {[%clk 1:23:42]} Qd7 {[%clk 1:21:51]}
15. cxd5 {[%clk 1:21:00]} Bxd5 {[%clk 1:21:54]} 16. e3 {[%clk 1:21:25]} c5
{[%clk 1:11:05]} 17. Bb5 {[%clk 1:20:16]} Nc6 {[%clk 1:11:13]} 18. Bxc6 {[%clk
1:04:18]} Bxc6 {[%clk 1:11:36]} 19. Nxc6 {[%clk 1:04:45]} Qxc6 {[%clk 1:12:04]}
20. f3 {[%clk 1:05:04]} Nxc3 {[%clk 1:12:26]} 21. Qxc3 {[%clk 1:05:02]} O-O-O
{[%clk 1:12:31]} 22. Qf6 {[%clk 1:03:45]} f4 {[%clk 1:02:17]} 23. e4 {[%clk
1:02:13]} Rh8 {[%clk 0:51:01]} 24. O-O-O {[%clk 1:01:49]} Kc7 {[%clk 0:49:29]}
25. Rd5 {[%clk 0:56:56]} Qe8 {[%clk 0:35:27]} 26. Rhd1 {[%clk 0:42:57]} Qf8
{[%clk 0:35:46]} 27. Rxd6 {[%clk 0:27:24]} Rxd6 {[%clk 0:34:44]} 28. Rxd6
{[%clk 0:27:49]} Qxd6 {[%clk 0:35:11]} 29. Qxh8 {[%clk 0:27:53]} Qd3 {[%clk
0:35:34]} 30. Qg7+ {[%clk 0:25:27]} 1/2-1/2

[Event "DEM U18 2021"]
[Site "Willingen GER"]
[Date "2021.08.28"]
[Round "8"]
[White "Lieberwirth, Kasimir"]
[Black "Wander, Dennis"]
[Result "1-0"]
[Termination "normal"]
[Board "12"]
[WhiteElo "2074"]
[BlackElo "1610"]
[WhiteClock "00:41:05"]
[BlackClock "01:07:21"]
[PlyCount "41"]
[WhiteFideId "12988146"]
[BlackFideId "16276523"]
[EventCountry "GER"]
[EventRounds "9"]
[EventType "swiss"]
[EventDate "2021.08.22"]

1. e4 {[%clk 1:30:59]} e5 {[%clk 1:30:54]} 2. Nf3 {[%clk 1:31:27]} Nf6 {[%clk
1:31:15]} 3. d4 {[%clk 1:31:39]} Nxe4 {[%clk 1:31:36]} 4. Bd3 {[%clk 1:31:59]}
Nc6 {[%clk 1:31:26]} 5. d5 {[%clk 1:31:39]} Nf6 {[%clk 1:31:48]} 6. dxc6 {[%clk
1:14:22]} e4 {[%clk 1:32:09]} 7. Bxe4 {[%clk 1:01:57]} Nxe4 {[%clk 1:32:25]} 8.
O-O {[%clk 0:58:16]} Bc5 {[%clk 1:31:50]} 9. Qd5 {[%clk 0:55:19]} Qe7 {[%clk
1:22:48]} 10. cxb7 {[%clk 0:54:38]} Bxb7 {[%clk 1:22:41]} 11. Qxb7 {[%clk
0:54:33]} O-O {[%clk 1:22:59]} 12. Nc3 {[%clk 0:49:27]} f5 {[%clk 1:17:28]} 13.
Qd5+ {[%clk 0:47:28]} Kh8 {[%clk 1:14:13]} 14. Nxe4 {[%clk 0:45:53]} fxe4
{[%clk 1:14:31]} 15. Bg5 {[%clk 0:45:49]} Qe8 {[%clk 1:12:59]} 16. Rae1 {[%clk
0:43:22]} d6 {[%clk 1:11:51]} 17. Rxe4 {[%clk 0:42:48]} Qg6 {[%clk 1:12:00]}
18. Qe6 {[%clk 0:40:42]} Qxe6 {[%clk 1:06:52]} 19. Rxe6 {[%clk 0:41:07]} Rae8
{[%clk 1:06:58]} 20. Rxe8 {[%clk 0:41:02]} Rxe8 {[%clk 1:07:21]} 21. Be3 {[%clk
0:41:05]} 1-0

[Event "DEM U18 2021"]
[Site "Willingen GER"]
[Date "2021.08.28"]
[Round "8"]
[White "Hofmann, Lorenz"]
[Black "Mooser, Nicolas"]
[Result "1/2-1/2"]
[Termination "normal"]
[Board "13"]
[WhiteElo "2071"]
[BlackElo "2107"]
[WhiteClock "01:20:50"]
[BlackClock "01:15:51"]
[PlyCount "41"]
[WhiteFideId "12995509"]
[BlackFideId "12979406"]
[EventCountry "GER"]
[EventRounds "9"]
[EventType "swiss"]
[EventDate "2021.08.22"]

1. d4 {[%clk 1:30:58]} d5 {[%clk 1:30:50]} 2. c4 {[%clk 1:31:25]} c6 {[%clk
1:31:10]} 3. Nc3 {[%clk 1:31:50]} Nf6 {[%clk 1:29:25]} 4. cxd5 {[%clk 1:30:44]}
cxd5 {[%clk 1:23:57]} 5. Nf3 {[%clk 1:30:08]} Nc6 {[%clk 1:23:04]} 6. Bf4
{[%clk 1:29:21]} Bf5 {[%clk 1:21:47]} 7. e3 {[%clk 1:28:24]} e6 {[%clk
1:21:03]} 8. Bd3 {[%clk 1:27:53]} Bxd3 {[%clk 1:17:59]} 9. Qxd3 {[%clk
1:27:58]} Bd6 {[%clk 1:18:05]} 10. Bxd6 {[%clk 1:27:15]} Qxd6 {[%clk 1:17:53]}
11. Rc1 {[%clk 1:27:09]} O-O {[%clk 1:17:39]} 12. O-O {[%clk 1:26:13]} Rac8
{[%clk 1:17:35]} 13. Ne2 {[%clk 1:24:21]} Ne7 {[%clk 1:16:32]} 14. Rxc8 {[%clk
1:23:50]} Rxc8 {[%clk 1:16:58]} 15. Rc1 {[%clk 1:24:11]} Rxc1+ {[%clk 1:17:17]}
16. Nxc1 {[%clk 1:24:35]} h6 {[%clk 1:17:18]} 17. Nb3 {[%clk 1:24:10]} Nc6
{[%clk 1:16:37]} 18. a3 {[%clk 1:23:42]} b6 {[%clk 1:16:30]} 19. Qc2 {[%clk
1:22:05]} Ne4 {[%clk 1:16:36]} 20. Nfd2 {[%clk 1:21:52]} Nxd2 {[%clk 1:15:51]}
21. Nxd2 {[%clk 1:20:50]} 1/2-1/2

[Event "DEM U18 2021"]
[Site "Willingen GER"]
[Date "2021.08.28"]
[Round "8"]
[White "Unbehend, Marius"]
[Black "Khachatryan, Taron"]
[Result "1/2-1/2"]
[Termination "normal"]
[Board "14"]
[WhiteElo "1572"]
[BlackElo "2065"]
[WhiteClock "00:01:36"]
[BlackClock "00:06:11"]
[PlyCount "82"]
[WhiteFideId "16214420"]
[BlackFideId "16216598"]
[EventCountry "GER"]
[EventRounds "9"]
[EventType "swiss"]
[EventDate "2021.08.22"]

1. e4 {[%clk 1:30:59]} c5 {[%clk 1:30:55]} 2. Nc3 {[%clk 1:31:23]} d6 {[%clk
1:31:20]} 3. Bb5+ {[%clk 1:31:41]} Nd7 {[%clk 1:31:29]} 4. f4 {[%clk 1:31:02]}
a6 {[%clk 1:30:42]} 5. Bxd7+ {[%clk 1:31:18]} Qxd7 {[%clk 1:30:58]} 6. Nf3
{[%clk 1:30:12]} Nf6 {[%clk 1:31:17]} 7. d3 {[%clk 1:30:06]} e6 {[%clk
1:31:42]} 8. O-O {[%clk 1:30:28]} Be7 {[%clk 1:32:00]} 9. Qe1 {[%clk 1:28:26]}
b5 {[%clk 1:31:42]} 10. e5 {[%clk 1:24:52]} Nd5 {[%clk 1:27:35]} 11. Ne4 {[%clk
1:18:10]} f5 {[%clk 1:22:29]} 12. Nxd6+ {[%clk 1:04:20]} Bxd6 {[%clk 1:22:50]}
13. exd6 {[%clk 1:04:45]} Qxd6 {[%clk 1:23:11]} 14. Qg3 {[%clk 0:56:35]} Ra7
{[%clk 1:21:36]} 15. Bd2 {[%clk 0:53:50]} O-O {[%clk 1:19:19]} 16. Ne5 {[%clk
0:51:26]} Nf6 {[%clk 1:18:39]} 17. Bc3 {[%clk 0:48:03]} Re7 {[%clk 1:16:49]}
18. b3 {[%clk 0:43:59]} Bb7 {[%clk 1:15:25]} 19. Bb2 {[%clk 0:37:37]} Ne8
{[%clk 1:04:57]} 20. Qf2 {[%clk 0:32:02]} Rc7 21. Rfe1 {[%clk 0:29:16]} Nf6
{[%clk 0:51:24]} 22. a4 {[%clk 0:23:14]} Nd5 {[%clk 0:47:15]} 23. Nf3 {[%clk
0:20:07]} Re7 {[%clk 0:36:32]} 24. axb5 {[%clk 0:09:53]} axb5 {[%clk 0:36:49]}
25. Be5 {[%clk 0:09:05]} Qc6 {[%clk 0:37:00]} 26. Qh4 {[%clk 0:06:36]} Nf6
{[%clk 0:36:46]} 27. Qf2 {[%clk 0:04:59]} Qb6 {[%clk 0:36:15]} 28. h3 {[%clk
0:04:29]} Qc6 {[%clk 0:35:55]} 29. Bb2 {[%clk 0:04:18]} Rc8 {[%clk 0:28:19]}
30. Ne5 {[%clk 0:03:42]} Qe8 {[%clk 0:27:55]} 31. Qg3 {[%clk 0:02:46]} Kf8
{[%clk 0:23:21]} 32. Qh4 {[%clk 0:02:28]} Qh5 {[%clk 0:20:47]} 33. Qg3 {[%clk
0:02:38]} Qh6 {[%clk 0:20:07]} 34. Rf1 {[%clk 0:01:41]} Rcc7 {[%clk 0:17:24]}
35. c4 {[%clk 0:01:31]} bxc4 {[%clk 0:13:44]} 36. bxc4 {[%clk 0:01:48]} Qh5
{[%clk 0:13:58]} 37. Rf2 {[%clk 0:01:31]} Qe8 {[%clk 0:13:25]} 38. Bc3 {[%clk
0:01:48]} Nd7 {[%clk 0:10:45]} 39. Qh4 {[%clk 0:01:13]} h6 {[%clk 0:10:07]} 40.
Qg3 {[%clk 0:01:21]} Nxe5 {[%clk 0:10:31]} 41. Bxe5 {[%clk 0:01:36]} Rc6 {[%clk
0:06:11]} 1/2-1/2

[Event "DEM U18 2021"]
[Site "Willingen GER"]
[Date "2021.08.29"]
[Round "9"]
[White "Suvorov, Alexander"]
[Black "Richter, Nils"]
[Result "0-1"]
[Termination "normal"]
[Board "1"]
[WhiteTitle "FM"]
[BlackTitle "FM"]
[WhiteElo "2333"]
[BlackElo "2292"]
[WhiteClock "00:02:03"]
[BlackClock "00:17:47"]
[PlyCount "118"]
[WhiteFideId "12977063"]
[BlackFideId "12990809"]
[EventCountry "GER"]
[EventRounds "9"]
[EventType "swiss"]
[EventDate "2021.08.22"]

1. d4 {[%clk 1:30:51]} Nf6 {[%clk 1:30:54]} 2. c4 {[%clk 1:31:06]} c5 {[%clk
1:31:17]} 3. d5 {[%clk 1:30:58]} b5 {[%clk 1:31:40]} 4. Qc2 {[%clk 1:30:53]} b4
{[%clk 1:32:02]} 5. e4 {[%clk 1:30:55]} d6 {[%clk 1:32:25]} 6. Bd3 {[%clk
1:30:13]} g6 {[%clk 1:32:01]} 7. f4 {[%clk 1:29:15]} Bg7 {[%clk 1:30:55]} 8.
Nf3 {[%clk 1:28:16]} O-O {[%clk 1:30:46]} 9. O-O {[%clk 1:28:13]} e6 {[%clk
1:30:26]} 10. h3 {[%clk 1:19:32]} a5 {[%clk 1:29:48]} 11. dxe6 {[%clk 0:58:29]}
Bxe6 {[%clk 1:28:02]} 12. f5 {[%clk 0:52:22]} Bc8 {[%clk 1:15:50]} 13. Bg5
{[%clk 0:43:52]} Nc6 {[%clk 1:13:18]} 14. Nbd2 {[%clk 0:38:30]} Bb7 {[%clk
1:10:22]} 15. Rae1 {[%clk 0:33:37]} Qc7 {[%clk 1:04:38]} 16. e5 {[%clk
0:24:30]} Nxe5 {[%clk 0:54:52]} 17. Nxe5 {[%clk 0:23:28]} dxe5 {[%clk 0:55:13]}
18. Ne4 {[%clk 0:20:46]} Ra6 {[%clk 0:38:29]} 19. Rf2 {[%clk 0:15:17]} Bxe4
{[%clk 0:34:01]} 20. Bxe4 {[%clk 0:15:31]} Rd6 {[%clk 0:34:21]} 21. Bxf6 {[%clk
0:11:52]} Bxf6 {[%clk 0:33:47]} 22. Rf3 {[%clk 0:11:11]} Rd4 {[%clk 0:29:32]}
23. fxg6 {[%clk 0:07:57]} fxg6 {[%clk 0:29:59]} 24. Ref1 {[%clk 0:06:24]} Kg7
{[%clk 0:29:56]} 25. Bd5 {[%clk 0:04:58]} Rf4 {[%clk 0:28:42]} 26. b3 {[%clk
0:03:11]} Bg5 {[%clk 0:28:02]} 27. Rxf4 {[%clk 0:03:17]} exf4 {[%clk 0:27:11]}
28. Qe4 {[%clk 0:02:31]} Bf6 {[%clk 0:27:18]} 29. Kh1 {[%clk 0:02:35]} Bc3
{[%clk 0:25:42]} 30. Qe6 {[%clk 0:02:23]} Qe5 {[%clk 0:23:24]} 31. Qxe5+ {[%clk
0:02:17]} Bxe5 {[%clk 0:23:52]} 32. Re1 {[%clk 0:02:39]} Kf6 {[%clk 0:23:30]}
33. Kg1 {[%clk 0:02:46]} Rd8 {[%clk 0:18:04]} 34. Kf2 {[%clk 0:01:00]} Rd6
{[%clk 0:18:17]} 35. Kf3 {[%clk 0:01:02]} a4 {[%clk 0:18:23]} 36. bxa4 {[%clk
0:00:54]} Ra6 {[%clk 0:18:44]} 37. Re2 {[%clk 0:01:04]} Rxa4 {[%clk 0:18:44]}
38. Bc6 {[%clk 0:01:05]} Ra3+ {[%clk 0:18:25]} 39. Ke4 {[%clk 0:01:27]} Rc3
{[%clk 0:14:59]} 40. Kd5 {[%clk 0:01:31]} Bd4 {[%clk 0:12:22]} 41. Bd7 {[%clk
0:16:01]} Be3 {[%clk 0:37:21]} 42. Bg4 {[%clk 0:11:15]} Rd3+ {[%clk 0:35:50]}
43. Kc6 {[%clk 0:11:41]} Ke5 {[%clk 0:34:37]} 44. Kb5 {[%clk 0:06:24]} Rc3
{[%clk 0:33:29]} 45. Bf3 {[%clk 0:02:13]} Kd4 {[%clk 0:26:08]} 46. Bd5 {[%clk
0:02:36]} Rc1 {[%clk 0:25:20]} 47. Rb2 {[%clk 0:02:25]} Rf1 {[%clk 0:22:38]}
48. Bg8 {[%clk 0:01:38]} h6 {[%clk 0:22:44]} 49. Bh7 {[%clk 0:02:01]} g5 {[%clk
0:22:55]} 50. Bg8 {[%clk 0:01:42]} h5 {[%clk 0:17:43]} 51. Be6 {[%clk 0:01:20]}
Rf2 {[%clk 0:16:06]} 52. Rxf2 {[%clk 0:01:24]} Bxf2 {[%clk 0:16:35]} 53. Ka4
{[%clk 0:00:48]} Kc3 {[%clk 0:16:56]} 54. a3 {[%clk 0:00:46]} b3 {[%clk
0:16:28]} 55. Kb5 {[%clk 0:01:05]} b2 {[%clk 0:16:49]} 56. Bf5 {[%clk 0:01:34]}
g4 {[%clk 0:17:02]} 57. hxg4 {[%clk 0:01:43]} hxg4 {[%clk 0:17:10]} 58. a4
{[%clk 0:01:51]} f3 {[%clk 0:17:30]} 59. gxf3 {[%clk 0:02:03]} g3 {[%clk
0:17:47]} 0-1

[Event "DEM U18 2021"]
[Site "Willingen GER"]
[Date "2021.08.29"]
[Round "9"]
[White "Weishäutel, Moritz"]
[Black "Dahl, Christoph"]
[Result "1-0"]
[Termination "normal"]
[Board "2"]
[WhiteElo "2270"]
[BlackElo "2284"]
[WhiteClock "00:45:09"]
[BlackClock "00:42:27"]
[PlyCount "61"]
[WhiteFideId "12967300"]
[BlackFideId "16240235"]
[EventCountry "GER"]
[EventRounds "9"]
[EventType "swiss"]
[EventDate "2021.08.22"]

1. d4 {[%clk 1:30:57]} Nf6 {[%clk 1:30:36]} 2. Bg5 {[%clk 1:31:22]} d5 {[%clk
1:30:51]} 3. e3 {[%clk 1:31:47]} c5 {[%clk 1:30:45]} 4. Bxf6 {[%clk 1:32:12]}
gxf6 {[%clk 1:30:44]} 5. dxc5 {[%clk 1:32:39]} Nc6 {[%clk 1:30:19]} 6. a3
{[%clk 1:33:03]} e5 {[%clk 1:29:31]} 7. b4 {[%clk 1:33:08]} a5 {[%clk 1:29:10]}
8. b5 {[%clk 1:33:33]} Na7 {[%clk 1:29:25]} 9. Nc3 {[%clk 1:33:45]} Be6 {[%clk
1:28:37]} 10. Na4 {[%clk 1:33:04]} Rc8 {[%clk 1:26:09]} 11. b6 {[%clk 1:31:10]}
Qd7 {[%clk 1:25:15]} 12. bxa7 {[%clk 1:09:37]} Qxa4 {[%clk 1:25:37]} 13. Qb1
{[%clk 1:09:58]} Bd7 {[%clk 1:24:33]} 14. Qxb7 {[%clk 1:09:38]} Qc6 {[%clk
1:17:57]} 15. Ba6 {[%clk 1:09:40]} Ra8 {[%clk 1:18:01]} 16. Qb8+ {[%clk
1:08:50]} Ke7 {[%clk 1:17:25]} 17. Bb7 {[%clk 1:05:11]} Qxc5 {[%clk 1:17:34]}
18. Bxa8 {[%clk 1:04:44]} Qc3+ {[%clk 1:17:31]} 19. Ke2 {[%clk 1:04:52]} Bh6
{[%clk 0:57:59]} 20. Nf3 {[%clk 0:58:39]} Qxc2+ {[%clk 0:56:27]} 21. Kf1 {[%clk
0:57:21]} Bxe3 {[%clk 0:45:18]} 22. fxe3 {[%clk 0:56:28]} Bh3 {[%clk 0:44:22]}
23. gxh3 {[%clk 0:49:13]} Qd3+ {[%clk 0:44:45]} 24. Kf2 {[%clk 0:49:37]} Qc2+
{[%clk 0:44:43]} 25. Ke1 {[%clk 0:49:50]} d4 {[%clk 0:44:22]} 26. Qb7+ {[%clk
0:48:11]} Kf8 {[%clk 0:44:46]} 27. Qe4 {[%clk 0:47:12]} Qc3+ {[%clk 0:44:02]}
28. Ke2 {[%clk 0:46:59]} f5 {[%clk 0:44:16]} 29. Rac1 {[%clk 0:44:41]} Qb2+
{[%clk 0:43:57]} 30. Rc2 {[%clk 0:44:44]} Qb5+ {[%clk 0:42:27]} 31. Qd3 {[%clk
0:45:09]} 1-0

[Event "DEM U18 2021"]
[Site "Willingen GER"]
[Date "2021.08.29"]
[Round "9"]
[White "Kölle, Tobias"]
[Black "Wachinger, Nikolas"]
[Result "0-1"]
[Termination "normal"]
[Board "3"]
[WhiteTitle "FM"]
[WhiteElo "2312"]
[BlackElo "2361"]
[WhiteClock "00:22:50"]
[BlackClock "00:29:54"]
[PlyCount "110"]
[WhiteFideId "16207378"]
[BlackFideId "12962791"]
[EventCountry "GER"]
[EventRounds "9"]
[EventType "swiss"]
[EventDate "2021.08.22"]

1. d4 {[%clk 1:30:47]} Nf6 {[%clk 1:30:51]} 2. c4 {[%clk 1:31:11]} e6 {[%clk
1:31:15]} 3. Nf3 {[%clk 1:31:36]} Bb4+ {[%clk 1:31:36]} 4. Nbd2 {[%clk
1:31:50]} O-O {[%clk 1:31:54]} 5. a3 {[%clk 1:31:40]} Be7 {[%clk 1:32:16]} 6.
e4 {[%clk 1:31:48]} d6 {[%clk 1:32:36]} 7. Bd3 {[%clk 1:30:40]} e5 {[%clk
1:32:56]} 8. d5 {[%clk 1:30:12]} a5 {[%clk 1:32:21]} 9. Bc2 {[%clk 1:27:12]} c6
{[%clk 1:23:06]} 10. O-O {[%clk 1:26:07]} b5 {[%clk 1:19:35]} 11. dxc6 {[%clk
1:14:42]} bxc4 {[%clk 0:58:25]} 12. Nxc4 {[%clk 1:09:24]} Nxc6 {[%clk 0:40:21]}
13. Ne3 {[%clk 1:05:31]} Be6 {[%clk 0:31:48]} 14. Re1 {[%clk 0:59:53]} h6
{[%clk 0:28:42]} 15. Nd5 {[%clk 0:57:29]} Bg4 {[%clk 0:27:20]} 16. Nxf6+ {[%clk
0:44:40]} Bxf6 {[%clk 0:27:34]} 17. Be3 {[%clk 0:44:50]} Bg5 {[%clk 0:25:02]}
18. Ba4 {[%clk 0:41:11]} Bxe3 {[%clk 0:24:05]} 19. fxe3 {[%clk 0:34:51]} Rc8
{[%clk 0:23:13]} 20. Qd2 {[%clk 0:33:39]} Qb6 {[%clk 0:22:29]} 21. Rac1 {[%clk
0:32:51]} Ne7 {[%clk 0:16:57]} 22. Rxc8 {[%clk 0:30:36]} Rxc8 {[%clk 0:17:01]}
23. Rc1 {[%clk 0:30:32]} Rb8 {[%clk 0:16:42]} 24. b3 {[%clk 0:29:57]} Bxf3
{[%clk 0:14:25]} 25. gxf3 {[%clk 0:30:25]} d5 {[%clk 0:14:39]} 26. exd5 {[%clk
0:29:07]} Rd8 {[%clk 0:15:06]} 27. Kf2 {[%clk 0:17:09]} Rxd5 {[%clk 0:09:28]}
28. Rc8+ {[%clk 0:16:53]} Kh7 {[%clk 0:09:55]} 29. Qc2+ {[%clk 0:17:18]} f5
{[%clk 0:08:23]} 30. Rc7 {[%clk 0:15:10]} Qf6 {[%clk 0:07:28]} 31. Rd7 {[%clk
0:14:20]} Qh4+ {[%clk 0:07:10]} 32. Kg2 {[%clk 0:14:27]} e4 {[%clk 0:07:02]}
33. fxe4 {[%clk 0:09:57]} Qg4+ {[%clk 0:05:18]} 34. Kf2 {[%clk 0:07:40]} Re5
{[%clk 0:02:26]} 35. Qe2 {[%clk 0:03:49]} Qh4+ {[%clk 0:02:19]} 36. Kg2 {[%clk
0:03:41]} fxe4 {[%clk 0:02:17]} 37. Rd1 {[%clk 0:03:17]} Rg5+ {[%clk 0:02:26]}
38. Kh1 {[%clk 0:03:42]} Nf5 {[%clk 0:02:51]} 39. Rg1 {[%clk 0:03:47]} Ng3+
{[%clk 0:02:50]} 40. Rxg3 {[%clk 0:04:11]} Rxg3 {[%clk 0:03:16]} 41. Qf2 {[%clk
0:02:54]} Rg4 {[%clk 0:01:10]} 42. Qxh4 {[%clk 0:02:18]} Rxh4 {[%clk 0:01:38]}
43. Kg2 {[%clk 0:28:54]} Rg4+ {[%clk 0:31:35]} 44. Kf2 {[%clk 0:29:14]} Kg6
{[%clk 0:30:35]} 45. Bc6 {[%clk 0:29:09]} Kf6 {[%clk 0:30:20]} 46. b4 {[%clk
0:26:41]} axb4 {[%clk 0:30:44]} 47. axb4 {[%clk 0:27:10]} Ke5 {[%clk 0:31:01]}
48. b5 {[%clk 0:26:14]} Rg6 {[%clk 0:31:22]} 49. Kf1 {[%clk 0:23:06]} Rf6+
{[%clk 0:30:22]} 50. Ke2 {[%clk 0:22:35]} g5 {[%clk 0:29:31]} 51. h3 {[%clk
0:22:36]} Rxc6 {[%clk 0:28:43]} 52. bxc6 {[%clk 0:23:01]} Kd6 {[%clk 0:29:08]}
53. Kf2 {[%clk 0:22:10]} Kxc6 {[%clk 0:29:25]} 54. Kg3 {[%clk 0:22:37]} h5
{[%clk 0:29:29]} 55. h4 {[%clk 0:22:50]} g4 {[%clk 0:29:54]} 0-1

[Event "DEM U18 2021"]
[Site "Willingen GER"]
[Date "2021.08.29"]
[Round "9"]
[White "Stork, Oliver"]
[Black "Woelk, Tom-Frederic"]
[Result "0-1"]
[Termination "normal"]
[Board "5"]
[WhiteTitle "FM"]
[BlackTitle "FM"]
[WhiteElo "2365"]
[BlackElo "2314"]
[WhiteClock "00:03:41"]
[BlackClock "00:08:39"]
[PlyCount "60"]
[WhiteFideId "12955728"]
[BlackFideId "12993077"]
[EventCountry "GER"]
[EventRounds "9"]
[EventType "swiss"]
[EventDate "2021.08.22"]

1. Nf3 {[%clk 1:30:58]} d5 {[%clk 1:30:24]} 2. c4 {[%clk 1:31:14]} e6 {[%clk
1:30:48]} 3. e3 {[%clk 1:31:35]} Nf6 {[%clk 1:31:10]} 4. b3 {[%clk 1:31:53]}
Bd6 {[%clk 1:31:15]} 5. Bb2 {[%clk 1:31:57]} O-O {[%clk 1:31:37]} 6. Nc3 {[%clk
1:32:02]} Re8 {[%clk 1:30:21]} 7. Qc2 {[%clk 1:26:38]} c5 {[%clk 1:28:30]} 8.
cxd5 {[%clk 1:16:43]} exd5 {[%clk 1:20:03]} 9. Bb5 {[%clk 1:16:57]} Bd7 {[%clk
1:08:45]} 10. O-O {[%clk 1:14:24]} Nc6 {[%clk 0:56:10]} 11. Bxc6 {[%clk
1:05:40]} Bxc6 {[%clk 0:56:22]} 12. d4 {[%clk 1:05:59]} c4 {[%clk 0:56:00]} 13.
a4 {[%clk 0:58:32]} a6 {[%clk 0:44:36]} 14. Ne2 {[%clk 0:39:05]} b5 {[%clk
0:42:01]} 15. Ne5 {[%clk 0:37:59]} Qc7 {[%clk 0:40:41]} 16. Qf5 {[%clk
0:28:30]} b4 {[%clk 0:36:54]} 17. bxc4 {[%clk 0:19:18]} dxc4 {[%clk 0:37:05]}
18. Rfc1 {[%clk 0:11:33]} Be4 {[%clk 0:34:40]} 19. Qh3 {[%clk 0:09:15]} Rxe5
{[%clk 0:17:42]} 20. dxe5 {[%clk 0:09:00]} Bxe5 {[%clk 0:18:08]} 21. Bd4 {[%clk
0:05:30]} b3 {[%clk 0:16:37]} 22. Rd1 {[%clk 0:04:07]} b2 {[%clk 0:16:03]} 23.
Rab1 {[%clk 0:04:09]} Bxb1 {[%clk 0:08:00]} 24. Rxb1 {[%clk 0:04:38]} c3 {[%clk
0:06:17]} 25. Nxc3 {[%clk 0:05:00]} Bxd4 {[%clk 0:06:44]} 26. exd4 {[%clk
0:05:24]} Ne4 {[%clk 0:07:10]} 27. Qf3 {[%clk 0:02:28]} Qxc3 {[%clk 0:07:21]}
28. Qxe4 {[%clk 0:02:52]} Qc1+ {[%clk 0:07:47]} 29. Qe1 {[%clk 0:03:16]} Qxe1+
{[%clk 0:08:13]} 30. Rxe1 {[%clk 0:03:41]} Rb8 {[%clk 0:08:39]} 0-1

[Event "DEM U18 2021"]
[Site "Willingen GER"]
[Date "2021.08.29"]
[Round "9"]
[White "Kolb, Tobias"]
[Black "Nguyen, Alex Dac-Vuong"]
[Result "1-0"]
[Termination "normal"]
[Board "6"]
[WhiteTitle "FM"]
[BlackTitle "FM"]
[WhiteElo "2307"]
[BlackElo "2290"]
[WhiteClock "00:18:56"]
[BlackClock "00:10:54"]
[PlyCount "69"]
[WhiteFideId "12992321"]
[BlackFideId "12984388"]
[EventCountry "GER"]
[EventRounds "9"]
[EventType "swiss"]
[EventDate "2021.08.22"]

1. d4 {[%clk 1:30:59]} Nf6 {[%clk 1:30:55]} 2. c4 {[%clk 1:31:24]} g6 {[%clk
1:31:20]} 3. Nc3 {[%clk 1:31:31]} Bg7 {[%clk 1:31:45]} 4. e4 {[%clk 1:31:57]}
O-O {[%clk 1:32:10]} 5. Nf3 {[%clk 1:28:33]} c6 {[%clk 1:27:19]} 6. Bd3 {[%clk
1:23:04]} d6 {[%clk 1:25:10]} 7. h3 {[%clk 1:23:02]} a6 {[%clk 1:25:26]} 8. a4
{[%clk 1:18:04]} Nbd7 {[%clk 1:22:14]} 9. a5 {[%clk 1:10:20]} e5 {[%clk
1:14:43]} 10. d5 {[%clk 1:01:12]} Nh5 {[%clk 1:10:46]} 11. O-O {[%clk 0:58:27]}
Nf4 {[%clk 1:09:30]} 12. Bc2 {[%clk 0:58:48]} Qf6 {[%clk 0:49:20]} 13. Be3
{[%clk 0:32:10]} g5 {[%clk 0:48:00]} 14. b4 {[%clk 0:29:59]} Rd8 {[%clk
0:27:54]} 15. Ba4 {[%clk 0:28:50]} c5 {[%clk 0:27:17]} 16. Bxd7 {[%clk
0:22:42]} Bxd7 {[%clk 0:27:39]} 17. bxc5 {[%clk 0:23:10]} dxc5 {[%clk 0:27:28]}
18. Nh2 {[%clk 0:22:47]} Qg6 {[%clk 0:26:24]} 19. Rb1 {[%clk 0:21:47]} g4
{[%clk 0:22:51]} 20. Rb6 {[%clk 0:21:43]} Qg5 {[%clk 0:22:42]} 21. hxg4 {[%clk
0:21:30]} h5 {[%clk 0:22:58]} 22. g3 {[%clk 0:20:50]} hxg4 {[%clk 0:18:46]} 23.
Kh1 {[%clk 0:19:57]} Bf6 {[%clk 0:12:25]} 24. Ne2 {[%clk 0:19:36]} Kg7 {[%clk
0:12:51]} 25. gxf4 {[%clk 0:19:51]} Qh4 {[%clk 0:13:04]} 26. fxe5 {[%clk
0:17:19]} Bxe5 {[%clk 0:13:32]} 27. Bh6+ {[%clk 0:17:45]} Kh7 {[%clk 0:12:24]}
28. Bf4 {[%clk 0:17:51]} Bxf4 {[%clk 0:12:37]} 29. Nxf4 {[%clk 0:18:19]} Rh8
{[%clk 0:12:12]} 30. Qd3 {[%clk 0:18:04]} Kg7 {[%clk 0:11:39]} 31. Qc3+ {[%clk
0:18:21]} Kf8 {[%clk 0:10:19]} 32. Qg3 {[%clk 0:18:46]} Qe7 {[%clk 0:10:44]}
33. e5 {[%clk 0:19:02]} Kg7 {[%clk 0:10:40]} 34. e6 {[%clk 0:18:45]} f5 {[%clk
0:10:54]} 35. Rxb7 {[%clk 0:18:56]} 1-0